Qualitative data analysis from start to finis

Պահպանված է:
Մատենագիտական մանրամասներ
Հիմնական հեղինակ: HARDING, Jamie
Ձևաչափ: Գիրք
Լեզու:անգլերեն
Հրապարակվել է: SAGE 2013
Ցուցիչներ: Ավելացրեք ցուցիչ
Չկան պիտակներ, Եղեք առաջինը, ով նշում է այս գրառումը!

MARC

LEADER 00000nam a22000007a 4500
008 210806b ||||| |||| 00| 0 eng d
020 |a ISBN: 978-0-85702-139-7 
100 |a HARDING, Jamie 
245 |a Qualitative data analysis from start to finis  |c Jamie Harding.  |g . xiii, 224p.; ill. 
260 |b SAGE  |c  2013  |h  Los Angeles:  |i 692148,  |i , 692149-Soc. Sc.  |l H62 .H22  |m 1. Qualitative research – Methodology  |m I. Title 
500 |a “It includes references and index” 
942 |a lcc  |c BK  |e j. o. ifatola  |f 06/ 08/ 2021 
952 |0 0  |1 0  |2 lcc  |4 0  |6 H0062 H22  |7 0  |9 2947  |a HOL  |b HOL  |d 2021-08-06  |l 0  |o H62 .H22   |p 2021-66623  |r 2021-08-06 00:00:00  |w 2021-08-06  |y BK 
952 |0 0  |1 0  |2 lcc  |4 0  |6 H0062 H22  |7 0  |9 2948  |a SSL  |b HOL  |c GJ  |d 2021-08-06  |l 0  |o H62 .H22   |p 2021-66624  |r 2021-08-06 00:00:00  |w 2021-08-06  |y BK 
999 |c 1493  |d 1493